000 00535nam a2200157 a 4500
001 000043891
005 20201002045030.0
008 140508s2011 sp abcf 000 0 spa d
020 _a9788489895249
040 _aDO-SdBNP
_bspa
_cBNPHU
100 1 _aAmores Carredano, Fernando
_971786
245 1 0 _aDe la Tierra al Sol :
_bhistoria de los paisajes del Guadiamar /
_cFernando Amores Carredano.
260 _aSevilla, :
_bFpcus Abengoa,
_c2011.
300 _a293 p. :
_bil., mapa, retrs., lam. ;
_c31 cm.
504 _aBibliografía p: 286-293
999 _c43380
_d43380